[Event "IOM Open-Masters 2017"]
[Site "Douglas"]
[Date "2017.09.30"]
[Round "8"]
[White "Woellermann, Jan"]
[Black "Praggnanandhaa R"]
[Result "1/2-1/2"]
[WhiteElo "2384"]
[BlackElo "2500"]
[Annotator "TA"]
[PlyCount "83"]
[EventDate "2017.??.??"]
[EventType "swiss"]
[EventCountry "GBR"]
[SourceTitle "playchess.com"]
[Source "ChessBase"]
[SourceQuality "1"]

1. d4 Nf6 2. c4 e6 3. Nf3 d5 4. g3 dxc4 5. Bg2 c5 6. O-O Nc6 7. dxc5 Qxd1 8. Rxd1 Bxc5 9. Nbd2 c3 10. bxc3 O-O 11. Ne1 Be7 12. Nd3 Bd7 13. Nb3 b6 14. c4 Rfd8 15. Bb2 Rac8 16. c5 Be8 17. cxb6 axb6 18. Rdc1 Nd5 19. a3 Ra8 20. Nf4 Nxf4 21. gxf4 Na5 22. Bxa8 Nxb3 23. Bf3 Nxc1 24. Rxc1 Bc5 25. Rb1 Rc8 26. Bc1 b5 27. e3 Be7 28. Kf1 f6 29. Ke1 Bg6 30. Ra1 Bd3 31. Bd2 e5 32. fxe5 fxe5 33. Be2 e4 34. Bxd3 exd3 35. Rb1 Ra8 36. Bb4 Bxb4+ 37. Rxb4 Rxa3 38. Rxb5 Ra1+ 39. Kd2 Ra2+ 40. Ke1 Ra1+ 41. Kd2 Ra2+ 42. Ke1 1/2-1/2

[Event "IOM Open-Masters 2017"]
[Site "Douglas"]
[Date "2017.09.30"]
[Round "8"]
[White "Arakhamia-Grant, Ketevan"]
[Black "Khmelniker, Ilya"]
[Result "0-1"]
[WhiteElo "2369"]
[BlackElo "2480"]
[Annotator "TA"]
[PlyCount "82"]
[EventDate "2017.??.??"]
[EventType "swiss"]
[EventCountry "GBR"]
[SourceTitle "playchess.com"]
[Source "ChessBase"]
[SourceQuality "1"]

1. e4 e5 2. Nf3 Nc6 3. Bb5 g6 4. c3 a6 5. Ba4 d6 6. d4 Bd7 7. O-O Bg7 8. Re1 Nf6 9. d5 Ne7 10. c4 O-O 11. Nc3 Bc8 12. c5 Nd7 13. cxd6 cxd6 14. Be3 f5 15. exf5 gxf5 16. Ng5 Nf6 17. f3 b5 18. Bb3 b4 19. Na4 Rb8 20. Nc5 dxc5 21. d6+ Kh8 22. dxe7 Qxe7 23. Rc1 Rb5 24. Nf7+ Rxf7 25. Bxf7 Qxf7 26. Qd8+ Qg8 27. Red1 Be6 28. Bxc5 Nd5 29. Qxg8+ Kxg8 30. Bf2 Kf7 31. Rc6 Ra5 32. a3 bxa3 33. bxa3 e4 34. fxe4 fxe4 35. Bd4 Ne7 36. Rf1+ Rf5 37. Rxf5+ Bxf5 38. Rc4 Be6 39. Ra4 Bd7 40. Rc4 Bb5 41. Rb4 Nc6 0-1

[Event "IOM Open-Masters 2017"]
[Site "Douglas"]
[Date "2017.09.30"]
[Round "8"]
[White "Krishna C R G"]
[Black "Raja Harshit"]
[Result "1-0"]
[WhiteElo "2367"]
[BlackElo "2423"]
[Annotator "TA"]
[PlyCount "117"]
[EventDate "2017.??.??"]
[EventType "swiss"]
[EventCountry "GBR"]
[SourceTitle "playchess.com"]
[Source "ChessBase"]
[SourceQuality "1"]

1. d4 Nf6 2. c4 c5 3. e3 cxd4 4. exd4 d5 5. Nc3 g6 6. Nf3 Bg7 7. Be2 O-O 8. h3 dxc4 9. Bxc4 Nbd7 10. Bb3 Nb6 11. O-O Nbd5 12. Re1 b6 13. Bg5 Bb7 14. Rc1 Nxc3 15. bxc3 Rc8 16. Qd3 a6 17. a4 e6 18. Ne5 Qd6 19. Bc4 Nd5 20. Bd2 a5 21. Bb5 Rfd8 22. Qf3 Rc7 23. Nc4 Qe7 24. Qg3 h6 25. Ne5 Rdc8 26. c4 Nf6 27. d5 Nh5 28. Qg4 Qd8 29. dxe6 Bxe5 30. Rxe5 Qxd2 31. Rd1 Qf4 32. Qxf4 Nxf4 33. e7 Kg7 34. e8=Q Rxe8 35. Rxe8 Nxg2 36. Rd7 Rxd7 37. Bxd7 Nh4 38. Kf1 Nf3 39. Ke2 Nd4+ 40. Ke3 Nb3 41. Bb5 Kf6 42. Rd8 Ke6 43. Rd7 Nc5 44. Rc7 g5 45. f3 h5 46. Be8 h4 47. Bc6 Ba6 48. Bd5+ Ke5 49. Re7+ Kd6 50. Rxf7 Bc8 51. Rf6+ Ke7 52. Rxb6 Bxh3 53. Rg6 Nxa4 54. Rxg5 Bd7 55. Kd4 h3 56. c5 Nb2 57. c6 Bc8 58. Rg8 Ba6 59. Rh8 1-0

[Event "IOM Open-Masters 2017"]
[Site "Douglas"]
[Date "2017.09.30"]
[Round "8"]
[White "Fenil, Shah"]
[Black "Basso, Pier Luigi"]
[Result "0-1"]
[WhiteElo "2362"]
[BlackElo "2460"]
[Annotator "TA"]
[PlyCount "72"]
[EventDate "2017.??.??"]
[EventType "swiss"]
[EventCountry "GBR"]
[SourceTitle "playchess.com"]
[Source "ChessBase"]
[SourceQuality "1"]

1. d4 d5 2. Nf3 Nf6 3. c4 c6 4. e3 Bg4 5. h3 Bh5 6. Nc3 e6 7. Be2 Nbd7 8. O-O Bd6 9. b3 O-O 10. Bb2 Qe7 11. Ne5 Bxe2 12. Nxe2 a5 13. a3 Rfd8 14. Qc2 Rac8 15. c5 Bc7 16. f4 Ne4 17. Nc3 Nxc3 18. Bxc3 Nf6 19. b4 Ne4 20. Nf3 f6 21. Bb2 g5 22. fxg5 fxg5 23. Nd2 Ng3 24. Rf2 Rf8 25. Nf3 g4 26. hxg4 Qg7 27. g5 Ne4 28. Raf1 Bg3 29. Re2 Qg6 30. Bc3 Qh5 31. Be1 axb4 32. axb4 Rf5 33. Bxg3 Nxg3 34. Ree1 Rcf8 35. Nh2 Rxf1+ 36. Rxf1 Ne2+ 0-1

[Event "IOM Open-Masters 2017"]
[Site "Douglas"]
[Date "2017.09.30"]
[Round "8"]
[White "Ledger, Andrew J"]
[Black "Neelotpal, Das"]
[Result "1/2-1/2"]
[WhiteElo "2361"]
[BlackElo "2448"]
[Annotator "TA"]
[PlyCount "63"]
[EventDate "2017.??.??"]
[EventType "swiss"]
[EventCountry "GBR"]
[SourceTitle "playchess.com"]
[Source "ChessBase"]
[SourceQuality "1"]

1. d4 Nf6 2. c4 e6 3. Nf3 d5 4. Bg5 dxc4 5. Qa4+ Nbd7 6. e3 a6 7. Bxc4 Rb8 8. Be2 b5 9. Qc2 Bb7 10. O-O h6 11. Bxf6 Nxf6 12. Nbd2 Bd6 13. a4 O-O 14. axb5 axb5 15. Ra5 b4 16. Nb3 Be4 17. Qc1 Ra8 18. Nfd2 Bd5 19. Bf3 Rxa5 20. Nxa5 c5 21. dxc5 Bxh2+ 22. Kxh2 Bxf3 23. Nxf3 Qxa5 24. Qc4 Rc8 25. Rc1 Nd7 26. c6 Ne5 27. Qe4 Nxf3+ 28. gxf3 b3 29. Qd4 Qh5+ 30. Kg2 Qg5+ 31. Kh2 Qh5+ 32. Kg2 1/2-1/2

[Event "IOM Open-Masters 2017"]
[Site "Douglas"]
[Date "2017.09.30"]
[Round "8"]
[White "Bellin, Robert"]
[Black "Paehtz, Elisabeth"]
[Result "0-1"]
[WhiteElo "2344"]
[BlackElo "2453"]
[Annotator "TA"]
[PlyCount "90"]
[EventDate "2017.??.??"]
[EventType "swiss"]
[EventCountry "GBR"]
[SourceTitle "playchess.com"]
[Source "ChessBase"]
[SourceQuality "1"]

1. Nf3 e6 2. g3 b6 3. Bg2 Bb7 4. O-O Nf6 5. b3 g6 6. Bb2 Bg7 7. c4 O-O 8. Qc2 c5 9. d4 Nc6 10. dxc5 bxc5 11. Nc3 d6 12. Rad1 Qe7 13. Qb1 Rfd8 14. Qa1 Rab8 15. Rd2 Ne8 16. Na4 Bxb2 17. Qxb2 f5 18. Rfd1 Nf6 19. Nc3 e5 20. Nd5 Nxd5 21. cxd5 Nb4 22. a3 Na6 23. e4 fxe4 24. Nh4 Nc7 25. a4 Ba6 26. Bxe4 Rb4 27. Qc2 Ne8 28. Bd3 Bxd3 29. Rxd3 Ng7 30. Re3 Qf6 31. Re4 Rdb8 32. Rxb4 Rxb4 33. Rd3 e4 34. Rc3 g5 35. Ng2 Nf5 36. Ne3 Nd4 37. Ng4 Qg6 38. Qd1 h5 39. Ne3 Nf3+ 40. Kg2 Rd4 41. Qf1 Qf7 42. Rc1 Rd2 43. Rd1 Ra2 44. Nc4 Nd4 45. Nxd6 Qf3+ 0-1

[Event "IOM Open-Masters 2017"]
[Site "Douglas"]
[Date "2017.09.30"]
[Round "8"]
[White "Jessel, Stephen"]
[Black "Tregubov, Pavel V"]
[Result "0-1"]
[WhiteElo "2334"]
[BlackElo "2589"]
[Annotator "TA"]
[PlyCount "72"]
[EventDate "2017.??.??"]
[EventType "swiss"]
[EventCountry "GBR"]
[SourceTitle "playchess.com"]
[Source "ChessBase"]
[SourceQuality "1"]

1. b3 c5 2. Bb2 Nc6 3. e3 e6 4. Nf3 Nf6 5. g3 Be7 6. Bg2 d5 7. O-O O-O 8. c4 d4 9. exd4 cxd4 10. Re1 Ne8 11. d3 f6 12. Na3 e5 13. Nc2 Nc7 14. a3 a5 15. Qd2 Bd7 16. b4 axb4 17. axb4 Rxa1 18. Rxa1 b5 19. c5 Be6 20. Ra3 Qd7 21. Qe1 Bd5 22. Nd2 Bxg2 23. Kxg2 f5 24. Nb3 Ne6 25. f3 Bf6 26. Nd2 h5 27. Qe2 h4 28. Ra1 Ng5 29. Bc1 Re8 30. Nf1 f4 31. g4 e4 32. dxe4 d3 33. Qd1 h3+ 34. Kh1 Bxa1 35. Nxa1 Qd4 36. Bxf4 Qf2 0-1

[Event "IOM Open-Masters 2017"]
[Site "Douglas"]
[Date "2017.09.30"]
[Round "8"]
[White "Rathnakaran, K."]
[Black "Shvayger, Yuliya"]
[Result "0-1"]
[WhiteElo "2326"]
[BlackElo "2442"]
[Annotator "TA"]
[PlyCount "108"]
[EventDate "2017.??.??"]
[EventType "swiss"]
[EventCountry "GBR"]
[SourceTitle "playchess.com"]
[Source "ChessBase"]
[SourceQuality "1"]

1. e4 e6 2. d4 d5 3. Nc3 Nf6 4. e5 Nfd7 5. Nce2 c5 6. f4 Nc6 7. Nf3 c4 8. h4 b5 9. h5 f5 10. a4 bxa4 11. Rxa4 Nb6 12. Ra1 Be7 13. Be3 O-O 14. Bf2 Bb4+ 15. c3 Be7 16. Bh4 Bd7 17. Qc2 a5 18. Ng3 a4 19. Be2 Bxh4 20. Nxh4 Qe7 21. Qc1 Qf7 22. Bf3 Rfb8 23. Ne2 Ne7 24. g4 fxg4 25. Bxg4 Nbc8 26. Ng3 Rb6 27. O-O Nf5 28. Bxf5 exf5 29. Rf2 Ne7 30. Qf1 Rab8 31. Qg2 Ra6 32. Nf3 h6 33. Qh2 Rb3 34. Rc1 Be6 35. Rg2 Rab6 36. Kh1 Rb7 37. Nh4 Qf8 38. Ra1 Ra7 39. Rc1 Nc6 40. Qh3 a3 41. bxa3 Qxa3 42. Rcg1 Rxc3 43. Nhxf5 Kf8 44. Rb1 Nxd4 45. Rb8+ Kf7 46. Qg4 Bxf5 47. e6+ Kxe6 48. Re2+ Re3 49. Re8+ Kd6 50. Nxf5+ Nxf5 51. Qg6+ Kc5 52. Rc8+ Kd4 53. Qb6+ Kd3 54. Rxe3+ Nxe3 0-1

[Event "IOM Open-Masters 2017"]
[Site "Douglas"]
[Date "2017.09.30"]
[Round "8"]
[White "Zwahr, Paul"]
[Black "Maloberti, David"]
[Result "1-0"]
[WhiteElo "2306"]
[BlackElo "2132"]
[Annotator "RC"]
[PlyCount "55"]
[EventDate "2017.??.??"]
[EventType "swiss"]
[EventCountry "GBR"]
[SourceTitle "playchess.com"]
[Source "ChessBase"]
[SourceQuality "1"]

1. e4 e6 2. d4 d5 3. Nc3 Bb4 4. e5 c5 5. a3 Bxc3+ 6. bxc3 Ne7 7. Qg4 Kf8 8. Qd1 Qa5 9. Bd2 Qa4 10. Ne2 Nbc6 11. Nf4 b5 12. Nh5 h6 13. g4 Qa5 14. Bh3 Rb8 15. f4 Qd8 16. O-O g6 17. Nf6 a5 18. Qc1 b4 19. f5 g5 20. axb4 axb4 21. cxb4 Nxd4 22. Qd1 exf5 23. Be3 Ndc6 24. Bxc5 fxg4 25. Nxd5 Be6 26. Bg2 Qd7 27. Nxe7 Nxe7 28. Ra7 1-0

[Event "IOM Open-Masters 2017"]
[Site "Douglas"]
[Date "2017.09.30"]
[Round "8"]
[White "Piasetski, Leon"]
[Black "Fischer, Daniel"]
[Result "1-0"]
[WhiteElo "2286"]
[BlackElo "2116"]
[Annotator "TA"]
[PlyCount "37"]
[EventDate "2017.??.??"]
[EventType "swiss"]
[EventCountry "GBR"]
[SourceTitle "playchess.com"]
[Source "ChessBase"]
[SourceQuality "1"]

1. Nf3 d5 2. g3 Nf6 3. Bg2 Bf5 4. d3 h6 5. c4 e6 6. Nd4 Bh7 7. Qb3 Nbd7 8. Qxb7 Rb8 9. Qc6 Bb4+ 10. Bd2 O-O 11. cxd5 Ne5 12. Qc2 Nxd5 13. O-O Bxd2 14. Nxd2 Nb4 15. Qc5 Nd7 16. Qxa7 Nb6 17. N4b3 N4d5 18. Qa5 Qd7 19. Rfc1 1-0

[Event "IOM Open-Masters 2017"]
[Site "Douglas"]
[Date "2017.09.30"]
[Round "8"]
[White "Balint, Vilmos"]
[Black "Trent, Lawrence"]
[Result "1-0"]
[WhiteElo "2281"]
[BlackElo "2427"]
[Annotator "TA"]
[PlyCount "55"]
[EventDate "2017.??.??"]
[EventType "swiss"]
[EventCountry "GBR"]
[SourceTitle "playchess.com"]
[Source "ChessBase"]
[SourceQuality "1"]

1. e4 e5 2. Nf3 Nc6 3. Nc3 Nf6 4. d4 exd4 5. Nxd4 Bc5 6. Be3 Bb6 7. Nf5 Bxe3 8. Nxe3 O-O 9. Qd2 Re8 10. f3 d5 11. exd5 Nb4 12. O-O-O c6 13. a3 Nbxd5 14. Nexd5 cxd5 15. Bb5 Rf8 16. Nxd5 Nxd5 17. Qxd5 Qf6 18. h4 Qf4+ 19. Qd2 Qc7 20. Qd6 Qa5 21. Bc4 a6 22. Rhe1 g6 23. g4 b5 24. Bxf7+ Rxf7 25. Re8+ Kg7 26. Qd4+ Kh6 27. g5+ Kh5 28. Rxc8 1-0

[Event "IOM Open-Masters 2017"]
[Site "Douglas"]
[Date "2017.09.30"]
[Round "8"]
[White "Yoo, Christopher Woojin"]
[Black "Mai, Aron Thor"]
[Result "1-0"]
[WhiteElo "2254"]
[BlackElo "2039"]
[Annotator "TA"]
[PlyCount "125"]
[EventDate "2017.??.??"]
[EventType "swiss"]
[EventCountry "GBR"]
[SourceTitle "playchess.com"]
[Source "ChessBase"]
[SourceQuality "1"]

1. e4 c6 2. d4 d5 3. Nc3 dxe4 4. Nxe4 Bf5 5. Ng3 Bg6 6. Nf3 e6 7. Bd3 Bxd3 8. Qxd3 Nf6 9. O-O Be7 10. b3 O-O 11. Bb2 Nbd7 12. c4 Qb6 13. Rfe1 Rfe8 14. Rad1 Rad8 15. Qc2 Nf8 16. Ne5 Ng6 17. Nxg6 hxg6 18. Rd3 Qa5 19. Bc3 Bb4 20. Bxb4 Qxb4 21. Re2 Rd7 22. Qd2 Qxd2 23. Rexd2 Red8 24. f3 c5 25. Ne2 cxd4 26. Rxd4 Kf8 27. Kf2 Rxd4 28. Rxd4 Rxd4 29. Nxd4 Ke7 30. Ke3 a6 31. b4 Kd6 32. Nb3 b6 33. Kd3 Nd7 34. Kc3 e5 35. a4 g5 36. a5 Kc6 37. axb6 Kxb6 38. Nd2 f5 39. Nf1 g6 40. Ne3 Nf6 41. g4 f4 42. Nd5+ Nxd5+ 43. cxd5 e4 44. fxe4 Kc7 45. Kd4 Kd7 46. e5 Ke7 47. d6+ Ke6 48. Ke4 Kd7 49. h4 gxh4 50. Kxf4 g5+ 51. Kf3 Ke6 52. Ke4 Kd7 53. Kd5 h3 54. e6+ Kd8 55. Kc6 h2 56. e7+ Ke8 57. d7+ Kxe7 58. Kc7 h1=Q 59. d8=Q+ Kf7 60. Qxg5 Qa8 61. Qf5+ Kg7 62. Qd7+ Kg6 63. Qc6+ 1-0

[Event "IOM Open-Masters 2017"]
[Site "Douglas"]
[Date "2017.09.30"]
[Round "8"]
[White "Watson, John L"]
[Black "Byron, Alan M"]
[Result "1/2-1/2"]
[WhiteElo "2247"]
[BlackElo "2074"]
[Annotator "TA"]
[PlyCount "73"]
[EventDate "2017.??.??"]
[EventType "swiss"]
[EventCountry "GBR"]
[SourceTitle "playchess.com"]
[Source "ChessBase"]
[SourceQuality "1"]

1. d4 Nf6 2. c4 g6 3. Nc3 Bg7 4. e4 d6 5. h3 O-O 6. Bg5 Na6 7. Nf3 e5 8. d5 Qe8 9. Be2 Nd7 10. g4 Ndc5 11. Rg1 Kh8 12. Qd2 Bd7 13. h4 f6 14. Be3 c6 15. h5 gxh5 16. gxh5 Qxh5 17. O-O-O Nb4 18. Rh1 Nxa2+ 19. Nxa2 Nb3+ 20. Kc2 Qxh1 21. Kxb3 Qh3 22. Rg1 b5 23. Rg3 bxc4+ 24. Ka3 Qh1 25. Bxc4 c5 26. Be2 Rab8 27. Rg1 Qh3 28. Qd1 Be8 29. Nc3 Qc8 30. Ka2 Qc7 31. Qc2 Rb4 32. Nh4 Qa5+ 33. Kb1 Ba4 34. Qd2 Rfb8 35. Rc1 Rxb2+ 36. Qxb2 Rxb2+ 37. Kxb2 1/2-1/2

[Event "IOM Open-Masters 2017"]
[Site "Douglas"]
[Date "2017.09.30"]
[Round "8"]
[White "Osmanodja, Filiz"]
[Black "Kojima, Shinya"]
[Result "0-1"]
[WhiteElo "2245"]
[BlackElo "2403"]
[Annotator "TA"]
[PlyCount "80"]
[EventDate "2017.??.??"]
[EventType "swiss"]
[EventCountry "GBR"]
[SourceTitle "playchess.com"]
[Source "ChessBase"]
[SourceQuality "1"]

1. e4 c6 2. d4 d5 3. e5 Bf5 4. Nd2 e6 5. Nb3 Nd7 6. Nf3 Ne7 7. Be2 Nc8 8. O-O Be7 9. Ne1 O-O 10. Nd3 Ncb6 11. f4 Nc4 12. g4 Be4 13. Nf2 Bg6 14. Nh1 f6 15. Ng3 Qb6 16. Kg2 a5 17. f5 Bf7 18. exf6 Bxf6 19. g5 Bd8 20. Bd3 e5 21. g6 Be8 22. gxh7+ Kh8 23. c3 a4 24. Bxc4 dxc4 25. Nd2 exd4 26. Nxc4 Qb5 27. Qxd4 Bf6 28. Qg4 Bf7 29. Nd6 Bd5+ 30. Kh3 Qa6 31. Bf4 a3 32. bxa3 Bxc3 33. Nh5 Qxa3 34. Bg3 Bf6 35. Rae1 Ra4 36. Rf4 Qxa2 37. Bf2 Ra3+ 38. Be3 Qd2 39. Qg3 Bg2+ 40. Qxg2 Qxe1 0-1

[Event "IOM Open-Masters 2017"]
[Site "Douglas"]
[Date "2017.09.30"]
[Round "8"]
[White "Allen, Keith"]
[Black "Thilakarathne, G M H"]
[Result "1/2-1/2"]
[WhiteElo "2231"]
[BlackElo "2053"]
[Annotator "TA"]
[PlyCount "60"]
[EventDate "2017.??.??"]
[EventType "swiss"]
[EventCountry "GBR"]
[SourceTitle "playchess.com"]
[Source "ChessBase"]
[SourceQuality "1"]

1. d4 Nf6 2. c4 e6 3. Nc3 Bb4 4. Qc2 O-O 5. e4 d5 6. e5 Ne4 7. a3 Bxc3+ 8. bxc3 c5 9. Bd3 Qa5 10. Ne2 cxd4 11. cxd5 exd5 12. f3 Nxc3 13. Nxd4 Nb5+ 14. Bd2 Nxd4 15. Bxh7+ Kh8 16. Bxa5 Nxc2+ 17. Bxc2 Nc6 18. Bc7 Be6 19. Bd6 Rfc8 20. Bd3 Nd4 21. Rb1 Bf5 22. Kd2 b6 23. Rb4 Bxd3 24. Rxd4 Bf5 25. g4 Rc2+ 26. Ke3 Be6 27. h4 Rac8 28. Bb4 a5 29. Bd2 Ra2 30. a4 Rc4 1/2-1/2

[Event "IOM Open-Masters 2017"]
[Site "Douglas"]
[Date "2017.09.30"]
[Round "8"]
[White "Player, Edmund C"]
[Black "Zahn, Alina"]
[Result "0-1"]
[WhiteElo "2202"]
[BlackElo "2025"]
[Annotator "TA"]
[PlyCount "46"]
[EventDate "2017.??.??"]
[EventType "swiss"]
[EventCountry "GBR"]
[SourceTitle "playchess.com"]
[Source "ChessBase"]
[SourceQuality "1"]

1. e4 e5 2. Nf3 Nc6 3. Bb5 Nf6 4. d3 Bc5 5. O-O Nd4 6. Nxd4 Bxd4 7. c3 Bb6 8. Nd2 c6 9. Ba4 O-O 10. Nf3 d5 11. Qc2 Qe7 12. h3 dxe4 13. dxe4 Nh5 14. Bg5 Qe6 15. Nh4 Nf4 16. Nf5 Re8 17. Qd2 Bc7 18. Rfd1 h6 19. Bxf4 exf4 20. f3 Qg6 21. Bc2 Be6 22. Kh1 Qg5 23. Qe1 Bxf5 0-1

[Event "IOM Open-Masters 2017"]
[Site "Douglas"]
[Date "2017.09.30"]
[Round "8"]
[White "Heimisson, Hilmir Freyr"]
[Black "Pranav Vijay"]
[Result "1-0"]
[WhiteElo "2185"]
[BlackElo "2265"]
[Annotator "TA"]
[PlyCount "135"]
[EventDate "2017.??.??"]
[EventType "swiss"]
[EventCountry "GBR"]
[SourceTitle "playchess.com"]
[Source "ChessBase"]
[SourceQuality "1"]

1. Nf3 Nf6 2. g3 b6 3. Bg2 c5 4. O-O Bb7 5. d3 e6 6. Nbd2 Be7 7. Re1 Nc6 8. c3 d5 9. Qc2 e5 10. e4 d4 11. cxd4 cxd4 12. a3 O-O 13. b4 Rc8 14. Qa2 b5 15. Nb3 a5 16. Nxa5 Nxa5 17. bxa5 Qxa5 18. Bd2 Qa4 19. Bb4 Bxb4 20. axb4 Qxb4 21. Nxe5 Ra8 22. Qe2 Qc5 23. Nf3 Rxa1 24. Rxa1 Qc3 25. Rb1 b4 26. Qd1 Rc8 27. Bh3 Rc7 28. Bf1 Bc8 29. Qa4 Rb7 30. Qa5 Ne8 31. Qe5 Be6 32. Qxd4 Qxd4 33. Nxd4 Nd6 34. f4 g6 35. e5 Nf5 36. Nxf5 gxf5 37. d4 Ba2 38. Rb2 b3 39. d5 Rc7 40. Bd3 Rc1+ 41. Kf2 Rd1 42. Ke3 Kf8 43. d6 Re1+ 44. Kd4 Rd1 45. Kc3 Rc1+ 46. Kb4 Ke8 47. Bxf5 h5 48. Be4 h4 49. Bd5 Rc2 50. Ka3 hxg3 51. hxg3 Rc3 52. Bxb3 Bxb3 53. Rxb3 Rxb3+ 54. Kxb3 Kd7 55. Kc4 Kc6 56. Kd4 Kd7 57. g4 Ke6 58. f5+ Kd7 59. Kd5 Ke8 60. g5 Kd8 61. g6 fxg6 62. fxg6 Ke8 63. g7 Kd7 64. e6+ Kc8 65. g8=Q+ Kb7 66. Kc5 Ka7 67. Kc6 Ka6 68. Qa8# 1-0

[Event "IOM Open-Masters 2017"]
[Site "Douglas"]
[Date "2017.09.30"]
[Round "8"]
[White "Seyfried, Claus"]
[Black "Paul, Johannes"]
[Result "0-1"]
[WhiteElo "2173"]
[BlackElo "2335"]
[Annotator "RC"]
[PlyCount "88"]
[EventDate "2017.??.??"]
[EventType "swiss"]
[EventCountry "GBR"]
[SourceTitle "playchess.com"]
[Source "ChessBase"]
[SourceQuality "1"]

1. e4 e6 2. d4 d5 3. Nd2 Be7 4. Ngf3 Nf6 5. Bd3 c5 6. e5 Nfd7 7. c3 Nc6 8. O-O a5 9. Re1 cxd4 10. cxd4 Qb6 11. Qa4 g5 12. Nb3 g4 13. Ng5 Qc7 14. Nc5 Bxc5 15. dxc5 Nxc5 16. Qd1 Nxd3 17. Qxd3 Nb4 18. Qg3 h6 19. Qh4 Nc2 20. Bf4 Nxa1 21. Rxa1 Qe7 22. Rc1 Qf8 23. Qxg4 hxg5 24. Bxg5 Bd7 25. h4 Bc6 26. a3 Kd7 27. Qd4 Rg8 28. b4 axb4 29. axb4 Ra4 30. Bd2 Kc7 31. Rc5 Qg7 32. Bg5 Rga8 33. Qc3 Ra3 34. Qd4 R8a4 35. Be3 Kd7 36. Rc1 Qf8 37. Bd2 Qh8 38. Bg5 Qf8 39. Bd2 Rb3 40. h5 Raxb4 41. Bxb4 Rxb4 42. Qd2 Rg4 43. f3 Qb4 44. Qh6 Qd4+ 0-1

[Event "IOM Open-Masters 2017"]
[Site "Douglas"]
[Date "2017.09.30"]
[Round "8"]
[White "Birkisson, Bardur Orn"]
[Black "Enkhtuul, Altan-Ulzii"]
[Result "0-1"]
[WhiteElo "2164"]
[BlackElo "2327"]
[Annotator "ChessBase"]
[PlyCount "112"]
[EventDate "2017.??.??"]
[EventType "swiss"]
[EventCountry "GBR"]
[SourceTitle "playchess.com"]
[Source "ChessBase"]
[SourceQuality "1"]

1. d4 Nf6 2. Nf3 e6 3. Bf4 b6 4. e3 Bb7 5. Nbd2 Be7 6. h3 O-O 7. Bd3 c5 8. c3 d5 9. O-O Nbd7 10. Qb1 c4 11. Bc2 b5 12. e4 dxe4 13. Nxe4 Bxe4 14. Bxe4 Nxe4 15. Qxe4 Nf6 16. Qe2 Nd5 17. Bg3 Bd6 18. Bxd6 Qxd6 19. g3 a5 20. Nd2 Rfc8 21. a3 Nb6 22. Kh2 Na4 23. Ne4 Qc6 24. Rfe1 Rab8 25. Qc2 h6 26. Nd2 Nb6 27. Re5 Nd7 28. Ree1 b4 29. cxb4 axb4 30. Rac1 bxa3 31. bxa3 Qa6 32. Re3 Nb6 33. Rc3 Rc7 34. Qa2 Na4 35. Rxc4 Rb2 36. Qxb2 Nxb2 37. Rxc7 Qe2 38. R7c2 Qxf2+ 39. Kh1 Nd3 40. Rg1 Qxd4 41. Kh2 Ne1 42. Ra2 Qf2+ 43. Kh1 Nf3 44. Nxf3 Qxa2 45. Re1 Qxa3 46. Kg2 Qa2+ 47. Kg1 f6 48. Rf1 e5 49. Re1 Qc2 50. Rf1 e4 51. Nh4 e3 52. Ng2 e2 53. Re1 Qc5+ 54. Kh2 Qf2 55. Ra1 Kh7 56. Rb1 f5 0-1

[Event "IOM Open-Masters 2017"]
[Site "Douglas"]
[Date "2017.09.30"]
[Round "8"]
[White "Coathup, Roger H"]
[Black "Rapport, Jovana"]
[Result "0-1"]
[WhiteElo "2125"]
[BlackElo "2327"]
[Annotator "TA"]
[PlyCount "86"]
[EventDate "2017.??.??"]
[EventType "swiss"]
[EventCountry "GBR"]
[SourceTitle "playchess.com"]
[Source "ChessBase"]
[SourceQuality "1"]

1. c4 Nf6 2. d4 d6 3. Nc3 Nbd7 4. e4 e5 5. Nf3 g6 6. Be2 Bg7 7. O-O O-O 8. Be3 Re8 9. d5 Ng4 10. Bg5 f6 11. Bd2 Nh6 12. Ne1 f5 13. f3 f4 14. Nd3 g5 15. b4 Nf6 16. Nf2 Bf8 17. g4 Nf7 18. Nd3 h5 19. h3 Be7 20. Kg2 Kg7 21. Be1 Rh8 22. Bf2 Bd7 23. c5 Rh6 24. Rh1 Qh8 25. a4 Qh7 26. Rg1 a6 27. Kf1 hxg4 28. hxg4 Rh1 29. cxd6 cxd6 30. Rxh1 Qxh1+ 31. Bg1 Bd8 32. Nf2 Qh4 33. a5 Bc7 34. Bd3 Rh8 35. b5 axb5 36. Bxb5 Bc8 37. a6 bxa6 38. Bxa6 Bb6 39. Bxc8 Rxc8 40. Rc1 Qg3 41. Ke2 Be3 42. Rc2 Bd4 43. Qe1 Rxc3 0-1

[Event "IOM Open-Masters 2017"]
[Site "Douglas"]
[Date "2017.09.30"]
[Round "8"]
[White "Pranav Anand"]
[Black "Kolbus, Dietmar"]
[Result "0-1"]
[WhiteElo "2105"]
[BlackElo "2320"]
[Annotator "TA"]
[PlyCount "74"]
[EventDate "2017.??.??"]
[EventType "swiss"]
[EventCountry "GBR"]
[SourceTitle "playchess.com"]
[Source "ChessBase"]
[SourceQuality "1"]

1. d4 Nf6 2. c4 g6 3. Nc3 d5 4. cxd5 Nxd5 5. e4 Nxc3 6. bxc3 Bg7 7. Nf3 c5 8. Be3 Qa5 9. Nd2 Nd7 10. Rc1 O-O 11. Nc4 Qc7 12. Be2 b5 13. Nd2 c4 14. O-O Nb6 15. Rb1 Bd7 16. Qc1 a5 17. Nf3 Rfc8 18. a3 Be8 19. Bf4 Qd8 20. Bh6 Qc7 21. h3 Ra6 22. Bxg7 Kxg7 23. Nh2 Bc6 24. Qe3 Bd7 25. f4 Kh8 26. Bf3 Rb8 27. f5 gxf5 28. exf5 Qd6 29. Ng4 f6 30. Rfe1 Na4 31. Nh6 Kg7 32. Rbc1 Qxa3 33. Bd1 Qd6 34. Qd2 Nb6 35. Re4 Rh8 36. Rg4+ Kf8 37. Ng8 h5 0-1

[Event "IOM Open-Masters 2017"]
[Site "Douglas"]
[Date "2017.09.30"]
[Round "8"]
[White "Kavinda, Akila"]
[Black "Ojas Kulkarni"]
[Result "1-0"]
[WhiteElo "2099"]
[BlackElo "2289"]
[Annotator "TA"]
[PlyCount "43"]
[EventDate "2017.??.??"]
[EventType "swiss"]
[EventCountry "GBR"]
[SourceTitle "playchess.com"]
[Source "ChessBase"]
[SourceQuality "1"]

1. e4 Nf6 2. e5 Nd5 3. d4 d6 4. Nf3 dxe5 5. Nxe5 c6 6. Bc4 Nd7 7. Nf3 N7b6 8. Be2 Bg4 9. O-O e6 10. h3 Bh5 11. Ne5 Bxe2 12. Qxe2 Be7 13. Rd1 O-O 14. c4 Nf6 15. Rd3 Re8 16. Nc3 Qc7 17. Rg3 Rad8 18. Bh6 Bf8 19. Qf3 Nbd7 20. Ne4 Nxe5 21. Nxf6+ Kh8 22. dxe5 1-0